00400 2200157 4500001002100000008004100021035002000062245004100082100001600123260002500139300002200164020002200186084001400208082000800222990001200230INLIS000000000002884 IND  a0010-0925000231 aYa Atau Tidak, Itu SajacAnita Utami aAnita Utami aJakartabZettuc2014 a264c(13 x 19 cm) a978-602-1298-17-6 a813 ANI y a813 a0755106